000 00463nam a2200181Ia 4500
001 11198
005 20260306161928.0
008 260306t2014||||xx |||||||||||||| ||spa||
041 _aESP
082 _a985.014
_bG83
100 _aGruszczynska-Ziólkowska, Anna
_eAUT
245 0 _aDetrás del silencio:
_bla música en la cultura Nasca
260 _c2014
300 _a266 páginas :
_c24 cm.
650 _aGEN
654 _aCHU
942 _cLIB
_dJUS
_fJUS
_2ddc
_n
999 _c11198
_d11198